| 000 | 02604cam a2200709 a 4500 | ||
|---|---|---|---|
| 001 | 21710 | ||
| 003 | VRT | ||
| 005 | 20260309100615.0 | ||
| 008 | 240322s2017 xo ga b 000 m slo | ||
| 015 | _aSNBA2017/09 | ||
| 020 |
_a9788097261504 _q(viaz.) |
||
| 035 | _aurn:nbn:sk:snk-am00czgh | ||
| 035 | _aurn:nbn:sk:snk-am3hggc | ||
| 035 | _a8ACE936D-5DB9-42D2-BC68-F3C91E4D39F3 | ||
| 039 | 9 |
_a202403251326 _bAUTHORITY _c202403251323 _dAUTHORITY _c202403220819 _dVLOAD _c202403111524 _dVLOAD |
|
| 040 |
_aZKSE _bslo _cZKSE _dSNK _eAACR2 |
||
| 041 | 0 |
_aslo _aeng _ager |
|
| 044 |
_axo _cSK |
||
| 072 | 7 |
_a821-93 _xLiteratúra pre deti a mládež (beletria) _2konspekt |
|
| 080 |
_a82-93-053.2 _22011 |
||
| 245 | 0 | 0 |
_aVeľká kniha školáčika _c[texty: Pavol Dobšinský ... [et al.]; ilustrácie: Božena Plocháňová, Miroslav Regitko, Štefan Šilhan] |
| 250 | _a1. vyd. | ||
| 260 |
_aBratislava _bAllegro _c2017 |
||
| 300 |
_a130 s. _bilustr., noty _c26 cm |
||
| 490 | 1 |
_aFifíkova knižnica _v33. |
|
| 546 | _aText aj anglicky a nemecky | ||
| 655 | 7 |
_apublikácie pre deti _2SNKPH |
|
| 655 | 7 |
_aChildren's literature _2SNKPHeng |
|
| 700 | 1 |
_aDobšinský, Pavol, _d1828-1885 _4aut |
|
| 700 | 1 |
_aĎuríčková, Mária, _d1919-2004 _4aut |
|
| 700 | 1 |
_aFeldek, Ľubomír, _d1936- _4aut |
|
| 700 | 1 |
_aGrimm, Jacob, _d1785-1863 _4aut |
|
| 700 | 1 |
_aGrimm, Wilhelm, _d1786-1859 _4aut |
|
| 700 | 1 |
_aPlocháňová, Božena, _d1929-2020 _4ill |
|
| 700 | 1 |
_aRegitko, Miroslav, _d1965- _4ill |
|
| 700 | 1 |
_aŠilhan, Štefan _4ill |
|
| 700 | 1 |
_aHevier, Daniel, _d1955- _4aut |
|
| 700 | 1 |
_aJanovic, Tomáš, _d1937-2023 _4aut |
|
| 700 | 1 |
_aRázusová-Martáková, Mária, _d1905-1964 _4aut |
|
| 700 | 1 |
_aPodjavorinská, Ľudmila, _d1872-1951 _4aut |
|
| 700 | 1 |
_aRúfus, Milan, _d1928-2009 _4aut |
|
| 700 | 1 |
_aSeifert, Jaroslav, _d1901-1986 _4aut |
|
| 700 | 1 |
_aStarodubcev, Grigorij, _d1982- _4aut |
|
| 700 | 1 |
_aVeigl, Svetloslav, _d1915-2010 _4aut |
|
| 700 | 1 |
_aTrilecová, Božena, _d1949- _4aut |
|
| 830 | 0 | _aFifíkova knižnica | |
| 910 | _asezk | ||
| 910 | _ahevk | ||
| 910 | _abjkdg | ||
| 910 | _askpk | ||
| 910 | _asnk | ||
| 910 | _asavuk | ||
| 910 | _apokpoh | ||
| 910 | _atotk | ||
| 942 |
_2ddc _cOLDE _n0 |
||
| 949 |
_6270001000562695 _asvkbbC 62160 _bsvkbbm 770101 |
||
| 949 |
_617A1270810 _asnkSB 91865 _bsnk2017/18885 _o1726/2017 _s6100:20170918 |
||
| 949 |
_617A1270811 _asnkSB 91865 D1 _bsnk2017/18887 _o1726/2017 |
||
| 949 |
_62889329659 _asavukPV 24499 _bsavuk2017/3247 |
||
| 949 |
_6273K0625548 _asvkpoC 58558 _bsvkpo621876 |
||
| 999 |
_c21710 _d21710 |
||